Rime [caro] /

Guardado en:
Autor Principal: Caro, Annibale
Formato: Libro
Publicado: Venetia : Bernardo Giunti, 1584
Materias:
Etiquetas: Agregar Etiqueta
Sin Etiquetas, Sea el primero en etiquetar este registro!
LEADER 00459nam a22001575a 4500
001 EHU.bham017521
003 AR-BHAM
005 20120103134659.0
008 130507s1584##################000#0#####d
082 8 5 |a 851.4 
100 1 |a Caro, Annibale 
245 1 0 |a Rime [caro] /  |c Annibale Caro 
260 |a Venetia :  |b Bernardo Giunti,  |c 1584 
300 |a 103 p. 
653 |a Poesia italiana-1543-1585 
859 |a AR-BHAM  |b BIB. HUMANIDADES - Arturo Marasso  |h 851.4  |i C22  |p 1964.57  |t Ej.1  |v M A